Cliquez sur le canton suisse sur une carte - Statistiques

Statistiques générales
  • Ce quiz a été pris 4 077 fois
  • Le résultat moyen est 13 sur 26
Réponses sur la Carte
Les réponses sont colorées sur une échelle allant du rouge au vert en fonction du pourcentage des utilisateurs qui les ont devinées à leur premier essai. Vous pouvez retrouver ces pourcentages ci-dessous.
 
Statistiques - réponses
Réponse % Correct
Genève
74%
Tessin
66%
Vaud
66%
Valais
64%
Jura
63%
Neuchâtel
61%
Bâle-Campagne
60%
Berne
60%
Grisons
57%
Fribourg
54%
Appenzell Rhodes-Intérieures
50%
Zurich
50%
Appenzell Rhodes-Extérieures
49%
Bâle-Ville
48%
Lucerne
44%
Saint-Gall
43%
Argovie
42%
Soleure
42%
Schaffhouse
41%
Glaris
38%
Obwald
37%
Thurgovie
37%
Schwytz
36%
Uri
36%
Nidwald
34%
Zoug
31%
Aucun quiz correspondant
Distribution des résultats
% des personnes avec chaque résultat
Percentile par nombre de réponses
Votre historique - résultats
Vous n’avez pas pris ce quiz